Die sechs nächstgelegenen Länder - Kuba - Statistiken

Allgemein
  • Dieses Quiz wurde 81 mal gespielt
  • Das Durchschnittsergebnis liegt bei 4 aus 6
Antwortstatistiken
km Land % Korrekt
149 Vereinigte Staaten
86%
85 Haiti
81%
146 Jamaika
72%
255 Dominikanische Republik
67%
197 Mexiko
58%
89 Bahamas
53%
Keine übereinstimmenden Quizze gefunden
Verteilung der Resultate
Anzahl Personen mit jedem Resultat
Perzentil nach korrekt beantworteten Fragen
Ihre Resultats-Entwicklung
Sie haben dieses Quiz noch nicht gespielt